American Capitals by Bodies of Water - Statistics

General Stats
  • This quiz has been taken 50 times
  • The average score is 17 of 35
Answers on the Map
Answers color-coded by a green-red scale on the quiz's map according to % correct below.
 
Answer Stats
Country Body of Water Capital % Correct
Barbados Atlantic Ocean/Caribbean Sea/Constitution River Bridgetown
91%
Saint Kitts and Nevis Basseterre Bay/Caribbean Sea Basseterre
86%
Guyana Atlantic Ocean/Demerara River Georgetown
86%
Peru Chillon River/Pacific Ocean/Rimac River/Ri oSurco Lima
86%
Suriname Atlantic Ocean/Suriname River Paramaribo
86%
Dominica Caribbean Sea/Roseau River Roseau
86%
Grenada Caribbean Sea/Saint George's Bay/Saint George's Inner Harbour Saint George's
86%
Saint Lucia Caribbean Sea Castries
84%
Cuba Arroyo Orengo/Bahia de la Habana/Embalse Bacuranao/Embalse Ejercito Rebelde/Embalse Nina Bonita/Embalse Paso Sequito/Gulf of Mexico/Havana Port/Quibu/Rio Almendares Havana
84%
Saint Vincent and the Grenadines Caribbean Sea Kingstown
84%
Bahamas Atlantic Ocean/Bonefish Pond/Corry Sound/Harold and Wilson Ponds/Lake Cunningham/Lake Killarney/Millars Sound/Old Fort Bay/Seabreeze Canal/South West Bay Nassau
84%
Trinidad and Tobago Gulf of Paria/Caribbean Sea Port of Spain
84%
Antigua and Barbuda Deepwater Harbour/Caribbean Sea/McKinnon's Pond Saint John's
84%
Dominican Republic Arroyo Guajimia/Arroyo Hondo/Caribbean Sea/Rio Haina/Rio Ozama Santo Domingo
84%
United States of America Anacostia River/Potomac River Washington
63%
Argentina Lago de Regates/Lago Hipodromo Argentino/Lago Lugano/Laguna de las Gavioatas/Laguna de los Coipos/Laguna de los Patos/Matanza River/Rio Darsena/Rio Dique/Rio de la Plata Buenos Aires
60%
Uruguay Arroyo Manga/Arroyo del Molino/Arroyo Pantanoso/Canada Jesus Maria/Canada Malvin/Carrasco Creek/Miguelete Creek/Rio de la Plata/Rio Santa Lucia Montevideo
60%
Canada Dow's Lake/Ottawa River/Rideau River Ottawa
56%
Panama Matasnillo River/Panama Bay/Panama Canal/Rio Abajo/Quebrada Iguana Panama City
53%
Paraguay Arroyo Mburicao/Bahia de Asuncion/Banco San Miguel/Paraguay River Asunción
35%
Belize Belize River/Roaring River Belmopan
26%
Colombia Arzobispo River/Bogota River/Canal Callejas/Canal Niza/Humedal Cordoba/Humedal de Jaboque/Humedal Tibabuyes o Juan Amarillo/Lago Club Banco de La Republica/Lago Club Los Lagartos/Lago Sur Club Country Bogotá
21%
Nicaragua Lago de Asasosca/Laguna Acahualinca/Laguna de Nejapa/Laguna de Tiscapa/Lake Managua/Micro Presa de Sedimentacion Managua
21%
Honduras Represa Los Laureles/Rio Chiquito/Rio Grande o Choluteca/Rio Guacerique/Rio Jacaleapa/Rio San Jose Tegucigalpa
19%
Guatemala Rio Contrera/Rio El Naranjo/Rio Las Vacas/Rio Negro/Quebrada Agua Bonita Guatemala City
14%
Haiti Port-au-Prince Bay/Riviere Grise Port-au-Prince
14%
Mexico Lake Chalco/(Lake Texcoco)/Lake Xochimilco/Lake Zumpango Mexico City
12%
Venezuela Embalse La Pereza/Lago Circulo Militar/Laguna Parque del Oeste/Rio Guaire Caracas
7%
Jamaica Constant Spring Gully/Fresh River/Hope River/Liguanea Palm/Mona Reservoir/Sandy Gully/Tivoli Gully Kingston
7%
Ecuador Chiche/Monjas River/Q Caupicho/Q La Chorrera/Rio de Guayllabamba/Manchangara Quito
7%
Chile Canal San Carlos/Maipo River/Mapocho River/Rio Viejo/Zanjon de la Aguada Santiago
7%
Brazil Lago do Parque da Cidade/Lago Paranoa/Lagoa do Jaburu/Represa Santa Maria Brasília
5%
Bolivia Rio Chioca/Rio Irpavi/Rio Quirpinchaca La Paz/Sucre
5%
Costa Rica Lago Parque de la Paz/Laguito/Primer Lago de la Paz/Quebrada Bribri/Quebrada Chapui/Rio Maria Aguilar/Rio Ocloro/Rio Torres/Rio Virilla San José
5%
El Salvador Arenal Montserrat/Quebrada la Mascota/Quebrada las Lajas San Salvador
5%
No matching quizzes found
Score Distribution
Percent of People with Each Score
Percentile by Number Answered
Your Score History
You have not taken this quiz